000 00606nam a2200205Ia 4500
003 GCL
008 140319s9999 xx 000 0 ara d
040 _aGCL /
_cGCL
082 0 4 _a142.7
_bف م
100 1 _aعبدالمنعم الحفنى
245 1 0 _aما هى الوجودية /
_cعبدالمنعم الحفنى
700 1 _aفال، جان
300 _a50 ص
490 _aالهيئة العامة للاستعلامات
_v0
650 0 4 _aالفلسفة
650 0 4 _aالوجودية
650 0 4 _aالماهيويه
650 0 4 _aما وراء الطبيعة, علم
942 _2ddc
_cBK
999 _c47212
_d47212